000 00694nam a2200205Ia 4500
003 OSt
005 20251128155228.0
008 220926b |||||||| |||| 00| 0 eng d
037 _cGeneral Book
040 _aRTL
_cRTL
_beng
041 _2eng
_aeng
084 _aY:3(Q:45).273.N8, M3
_qRTL
100 _aNarayan S.
_9370283
245 0 _aSacred complexes of Deoghar and Rajgir
260 _aNew
_bDelhi Concept Publishing Company India
_c1983
300 _aviii, 125 p.
_bIncludes bibliographical references and index.
500 _aSelected Bibliography: P119-121; Index: P122-125
942 _hY:3(Q:45).273.N8, M3
_cGB
_2CC
_n0
999 _c690743
_d690743